Prospects of growing ginger and turmeric as intercrop in immature rubber plantation (Record no. 66034)

MARC details
000 -LEADER
fixed length control field 00557nam a2200145Ia 4500
100 ## - MAIN ENTRY--AUTHOR NAME
Personal name Das G
245 #0 - TITLE STATEMENT
Title Prospects of growing ginger and turmeric as intercrop in immature rubber plantation
260 ## - PUBLICATION, DISTRIBUTION, ETC. (IMPRINT)
Name of publisher Seminar on Spices Development under Mission for Integrated Development of Horticulture (MIDH) in Assam, 26-27 February 2015, State Institute of Rural Development, Kahikuchi, Guwahati, India.
650 ## - SUBJECT ADDED ENTRY--TOPICAL TERM
Topical Term Ginger
650 ## - SUBJECT ADDED ENTRY--TOPICAL TERM
Topical Term Intercrop
650 ## - SUBJECT ADDED ENTRY--TOPICAL TERM
Topical Term Turmeric
856 ## - ELECTRONIC LOCATION AND ACCESS
Uniform Resource Identifier No article
942 ## - ADDED ENTRY ELEMENTS (KOHA)
Koha item type Journals
Holdings
Withdrawn status Lost status Damaged status Not for loan Home library Current library Shelving location Date acquired Koha item type
      Journals RRII Library RRII Library Agronomy 17/12/2021 Journals